000 00569 a2200181 4500
999 _c4292
_d4292
010 _aENG-86147
020 _a8189612441
_c1090.00
035 _aEN-69680
037 _bDBAD / PUB
082 1 4 _a509.2
100 1 _aDawra, Sudhir
245 1 _aHandbook of world great scientists /
_cby Sudhir Dawra
260 _aNew Delhi
_bOmega Publications
_c2006
270 _a4398/5, Ansari Road, Daryaganj
_bNew Delhi
_e110002
_k65901906
_mgph2004@yahoo.co.in
300 _a440 p.
_c21cm. (Hb.)
500 _aIncludes index
942 _adpl
_cEN
_2ddc
_h509.2
_mDAW